Statistiques concernant - Prénoms les plus donnés en 1900 -

Cliquez ici pour prendre le quiz!

Statistiques générales

  • Ce quiz a été pris 92 fois
  • Le résultat moyen est 52 sur 100

Statistiques - réponses

Position 1ère Lettre Prénom % Correct
1MMarie
97%
1JJean
96%
9PPaul
94%
2LLouis
92%
3PPierre
90%
45YYves
89%
2JJeanne
86%
12FFrançois
83%
5HHenri
82%
35JJacques
82%
11CCharles
80%
7GGeorges
80%
44JJulie
80%
5LLouise
79%
44MMichel
79%
6MMarcel
76%
8AAndré
75%
10RRené
75%
19LLucie
73%
12AAnne
72%
25AAntoine
72%
13EEmile
72%
14MMaurice
72%
19JJules
72%
21RRobert
72%
40EEmilie
70%
15AAlbert
68%
6YYvonne
68%
18LLucien
68%
34FFrançoise
65%
4JJoseph
62%
17LLéon
61%
29VVictor
61%
46CClaude
59%
26RRoger
58%
22JJuliette
58%
31JJulien
58%
24RRaymond
55%
18HHélène
55%
10MMarcelle
54%
36PPauline
52%
16HHenriette
51%
7MMadeleine
51%
29CCatherine
51%
20GGeorgette
49%
3MMarguerite
49%
24AAnna
49%
42CCharlotte
49%
4GGermaine
49%
28TThérèse
48%
39AAlexandre
48%
21LLucienne
46%
11MMaria
46%
50EElisabeth
46%
22FFernand
45%
32GGabriel
45%
34CCamille
44%
13JJoséphine
44%
8SSuzanne
44%
30RRose
42%
17AAlice
42%
28AAlfred
41%
33AAntoinette
41%
39MMathilde
39%
46DDenise
39%
20AAuguste
38%
36EEdouard
38%
40EEtienne
38%
33AAlphonse
38%
38RRaymonde
37%
37GGustave
37%
47AArthur
37%
16EEugène
37%
37CCécile
37%
23GGaston
37%
35EElise
37%
43AArmand
35%
9MMarthe
35%
23GGabrielle
35%
41AAdrien
35%
14EEugénie
34%
49LLéa
34%
32LLéonie
34%
25FFernande
32%
48RRaoul
32%
26AAugustine
32%
38EEdmond
32%
30EErnest
31%
48EEmilienne
31%
47CClaire
31%
15BBerthe
28%
31BBlanche
28%
50AAimé
27%
41LLéontine
27%
49EElie
25%
27AAngèle
25%
27MMarius
24%
45AAdrienne
21%
42FFélix
18%
43MMarie-Louise
13%

Distribution des résultats

Percentile by Number Answered

% des personnes avec chaque résultat

Votre développement - résultats

Vous n’avez pas pris ce quiz